000 00630cam a2200193 4500
001 J64337
008 000000n1977 000 0 eng u
035 _a(Sirsi) u112305
110 _aInstitute of Building Control
_93341
245 _aIBCO weekend school 1977
260 _aEpsom
_bIBC
_c1977
300 _a33p. ; 30cm.
520 _aStored in basement. Weekend School held at Keswick College of Education Norwich 15th - 17th April 1977
650 _aIBC
650 _aINSTITUTE OF BUILDING CONTROL
650 _aPROFESSIONAL ASSOCIATIONS
690 _aMANAGEMENT-BUSINESS MANAGEMENT-PROFESSIONAL PRACTICE
942 _n0
999 _c101400
_d101400